Systematische Rückfalluntersuchung im hessischen Jugendvollzug / [Summary] Executive summary
| Medienart: | Druck Buch |
|---|---|
| Sprache: | Deutsch |
| Veröffentlicht: |
[S.l.]
[2011]
|
| In: |
Systematische Rückfalluntersuchung im hessischen Jugendvollzug Bericht über eine empirische Studie zur Legalbewährung bzw. zur Rückfälligkeit von jungen männlichen Gefangenen der Entlassungsjahrgänge 2003 und 2006
Jahr: 2011 |
| Bestand in Tübingen: | In Tübingen vorhanden. IFK: D X 126 |
| Verfügbarkeit prüfen: | HBZ Gateway |
| Subito Bestelldienst: | Jetzt bestellen. |
MARC
| LEADER | 00000cam a2200000 cc4500 | ||
|---|---|---|---|
| 001 | 1430086068 | ||
| 003 | DE-627 | ||
| 005 | 20220530133621.0 | ||
| 007 | tu | ||
| 008 | 120301s2011 xx ||||| 00| ||ger c | ||
| 035 | |a (DE-627)1430086068 | ||
| 035 | |a (DE-576)360086063 | ||
| 035 | |a (DE-599)BSZ360086063 | ||
| 040 | |a DE-627 |b ger |c DE-627 |e rakwb | ||
| 041 | |a ger | ||
| 245 | 0 | 0 | |a Systematische Rückfalluntersuchung im hessischen Jugendvollzug |n [Summary] |p Executive summary |c vorgelegt von Hans-Jürgen Kerner ... |
| 264 | 1 | |a [S.l.] |c [2011] | |
| 300 | |a 15 S. | ||
| 336 | |a Text |b txt |2 rdacontent | ||
| 337 | |a ohne Hilfsmittel zu benutzen |b n |2 rdamedia | ||
| 338 | |a Band |b nc |2 rdacarrier | ||
| 773 | 1 | 8 | |a Systematische Rückfalluntersuchung im hessischen Jugendvollzug Bericht über eine empirische Studie zur Legalbewährung bzw. zur Rückfälligkeit von jungen männlichen Gefangenen der Entlassungsjahrgänge 2003 und 2006 |w (DE-627)1430083220 |w (DE-576)360083226 |g [Summary] |q sum |7 nnam |
| 951 | |a MV | ||
| ELC | |b 1 | ||
| LOK | |0 000 xxxxxcx a22 zn 4500 | ||
| LOK | |0 001 2714219683 | ||
| LOK | |0 003 DE-627 | ||
| LOK | |0 004 1430086068 | ||
| LOK | |0 005 20120525123808 | ||
| LOK | |0 008 120525||||||||||||||||ger||||||| | ||
| LOK | |0 040 |a DE-21-110 |c DE-627 |d DE-21-110 | ||
| LOK | |0 541 |e 12/16d | ||
| LOK | |0 852 |a DE-21-110 | ||
| LOK | |0 852 1 |c D X 126 |m p |9 00 | ||
| LOK | |0 936ln |a 11.1.2.7 | ||
| LOK | |0 938 |k p | ||
| LOK | |0 939 |a 25-05-12 |b l01 | ||
| ORI | |a SA-MARC-krimdoka001.raw | ||
| SIG | |a IFK: D X 126 | ||
